[Event "Valencia Mauricio Ramirez Gonzalez"]
[Site "Valencia"]
[Date "2019.03.03"]
[Round "5"]
[White "Guerrero Vargas, Andres Jesus"]
[Black "Vidal Melendez, Ismael David"]
[Result "1/2-1/2"]
[WhiteElo "2321"]
[BlackElo "2320"]
[PlyCount "23"]
[EventDate "2019.03.01"]
[EventType "team-tourn"]
[EventRounds "6"]
[EventCountry "VEN"]
[SourceTitle "EXT 2022"]
[Source "ChessBase"]
[SourceDate "2021.10.06"]
[SourceVersion "1"]
[SourceVersionDate "2021.10.06"]
[SourceQuality "1"]
[WhiteTeam "Aragua"]
[BlackTeam "Mauri990"]
[WhiteTeamCountry "COL"]
[BlackTeamCountry "COL"]

1. e4 e5 2. Nf3 Nc6 3. Bc4 Bc5 4. c3 Nf6 5. d3 d6 6. 0-0 0-0 7. h3 a6 8. a4 h6 9. Re1 Ba7 10. Nbd2 Ne7 11. Nf1 Ng6 12. Ng3 1/2-1/2

[Event "VEN pre olympic2"]
[Site "Caracas"]
[Date "2018.04.21"]
[Round "6.1"]
[White "Guerrero Vargas, Andres Jesus"]
[Black "Vidal Melendez, Ismael David"]
[Result "1/2-1/2"]
[WhiteElo "2283"]
[BlackElo "2285"]
[PlyCount "38"]
[EventDate "2018.04.17"]
[EventType "tourn"]
[EventRounds "10"]
[EventCountry "VEN"]
[SourceTitle "EXT 2022"]
[Source "ChessBase"]
[SourceDate "2021.10.06"]
[SourceVersion "1"]
[SourceVersionDate "2021.10.06"]
[SourceQuality "1"]

1. d4 d5 2. c4 c6 3. Nc3 dxc4 4. e3 b5 5. a4 b4 6. Na2 e6 7. Bxc4 Nf6 8. Nf3 a5 9. 0-0 Nbd7 10. b3 Be7 11. Bb2 0-0 12. Nc1 Bb7 13. Nd3 Ne4 14. Nde5 Nxe5 15. Nxe5 c5 16. dxc5 Qxd1 17. Rfxd1 Nxc5 18. Nd7 Rfd8 19. Nxc5 Bxc5 1/2-1/2

[Event "VEN pre olympic2"]
[Site "Caracas"]
[Date "2018.04.18"]
[Round "2.3"]
[White "Vidal Melendez, Ismael David"]
[Black "Palencia Morales, Wilson Guillermo"]
[Result "0-1"]
[WhiteElo "2285"]
[BlackElo "2298"]
[PlyCount "82"]
[EventDate "2018.04.17"]
[EventType "tourn"]
[EventRounds "10"]
[EventCountry "VEN"]
[SourceTitle "EXT 2022"]
[Source "ChessBase"]
[SourceDate "2021.10.06"]
[SourceVersion "1"]
[SourceVersionDate "2021.10.06"]
[SourceQuality "1"]

1. d4 Nf6 2. Nf3 g6 3. c4 Bg7 4. Nc3 0-0 5. e4 d6 6. Be2 e5 7. 0-0 Nc6 8. d5 Nb8 9. Re1 a5 10. Be3 Nfd7 11. Nd2 f5 12. f3 Bf6 13. a3 Bh4 14. g3 f4 15. Bf2 fxg3 16. hxg3 Bg5 17. Kg2 h5 18. Rh1 b6 19. Rb1 a4 20. Qc2 Nc5 21. Rbg1 Nbd7 22. Kf1 Nf6 23. Ke1 Qe8 24. Nb5 Qf7 25. Rg2 Bd7 26. f4 Bh6 27. g4 Nxg4 28. Bxg4 Bxg4 29. Bxc5 bxc5 30. Rxg4 hxg4 31. Rxh6 Qxf4 32. Rh1 Qf2+ 33. Kd1 g3 34. Qc1 g2 35. Kc2 gxh1Q 36. Qxh1 Kg7 37. Nxc7 Rh8 38. Qd1 Rab8 39. Ne6+ Kf6 40. Qf3+ Qxf3 41. Nxf3 Rh3 0-1

[Event "San Cristobal FISS op 28th"]
[Site "San Cristobal"]
[Date "2018.01.31"]
[Round "1"]
[White "Brizuela Abreu, Ronald Jesus"]
[Black "Vidal Melendez, Ismael David"]
[Result "1-0"]
[WhiteElo "2305"]
[BlackElo "2304"]
[PlyCount "61"]
[EventDate "2018.01.31"]
[EventType "tourn"]
[EventRounds "9"]
[EventCountry "VEN"]
[SourceTitle "CBM 182 Extra"]
[Source "ChessBase"]
[SourceDate "2018.02.23"]
[SourceVersion "1"]
[SourceVersionDate "2018.02.23"]
[SourceQuality "1"]

1. c4 c6 2. Nf3 Nf6 3. e3 d5 4. Nc3 a6 5. d4 b5 6. b3 Bg4 7. h3 Bxf3 8. gxf3 Nbd7 9. f4 e6 10. Bd2 Bb4 11. a3 Bxc3 12. Bxc3 Ne4 13. Qc2 0-0 14. Bd3 f5 15. Bb4 Rf6 16. Bxe4 fxe4 17. cxb5 a5 18. Bd6 cxb5 19. Rc1 Ra6 20. Qc8 Qxc8 21. Rxc8+ Kf7 22. Be5 Rf5 23. Rc7 Ke7 24. Ke2 Rf8 25. Bxg7 Rfa8 26. Be5 R8a7 27. Rxa7 Rxa7 28. Rg1 a4 29. Rg7+ Kd8 30. Bd6 Kc8 31. bxa4 1-0

[Event "VEN-chT Liga Superior qual"]
[Site "Caracas"]
[Date "2018.01.28"]
[Round "5.1"]
[White "Vidal Melendez, Ismael David"]
[Black "Pacheco Lugo, Alejandro Jose"]
[Result "1/2-1/2"]
[WhiteElo "2304"]
[BlackElo "2190"]
[PlyCount "103"]
[EventDate "2018.01.26"]
[EventType "team-swiss"]
[EventRounds "6"]
[EventCountry "VEN"]
[SourceTitle "EXT 2022"]
[Source "ChessBase"]
[SourceDate "2021.10.06"]
[SourceVersion "1"]
[SourceVersionDate "2021.10.06"]
[SourceQuality "1"]
[WhiteTeam "Fransheskawhite"]
[BlackTeam "Guarico"]
[WhiteTeamCountry "VEN"]
[BlackTeamCountry "VEN"]

1. d4 e6 2. Nf3 Nf6 3. c4 d5 4. Nc3 Be7 5. Bf4 c6 6. e3 0-0 7. Qc2 Nbd7 8. cxd5 exd5 9. Bd3 Re8 10. 0-0 Nf8 11. Bg3 Ne6 12. Rab1 g6 13. b4 a6 14. a4 Ng7 15. b5 axb5 16. axb5 Bf5 17. bxc6 bxc6 18. Bxf5 Nxf5 19. Na4 Nxg3 20. hxg3 Ra6 21. Ra1 Ne4 22. Nc3 Rxa1 23. Rxa1 Nxc3 24. Qxc3 Qc7 25. Rc1 Rc8 26. Qb3 Bd6 27. Ne1 Rb8 28. Qa4 Rb6 29. Nd3 Qb7 30. Qc2 h6 31. Nc5 Bxc5 32. Qxc5 Rb1 33. f3 Rxc1+ 34. Qxc1 Qd7 35. Qa3 Qe6 36. Kf2 Kg7 37. Qa7 Qf5 38. Qe7 Qc2+ 39. Kg1 Qc3 40. Kh2 Kg8 41. Qe8+ Kg7 42. Qe5+ Kg8 43. e4 dxe4 44. fxe4 Qc4 45. d5 cxd5 46. exd5 Qc5 47. Qe8+ Kg7 48. Qc6 Qd4 49. d6 Qd1 50. Qc5 Kf6 51. Qc3+ Ke6 52. Qc4+ 1/2-1/2

[Event "VEN-chT Liga Superior qual"]
[Site "Caracas"]
[Date "2018.01.26"]
[Round "2.1"]
[White "Vidal Melendez, Ismael David"]
[Black "Salcedo, Alejandro"]
[Result "1-0"]
[WhiteElo "2304"]
[BlackElo "2058"]
[PlyCount "81"]
[EventDate "2018.01.26"]
[EventType "team-swiss"]
[EventRounds "6"]
[EventCountry "VEN"]
[SourceTitle "EXT 2022"]
[Source "ChessBase"]
[SourceDate "2021.10.06"]
[SourceVersion "1"]
[SourceVersionDate "2021.10.06"]
[SourceQuality "1"]
[WhiteTeam "Fransheskawhite"]
[BlackTeam "Hermandad Gallega de Caracas"]
[WhiteTeamCountry "VEN"]
[BlackTeamCountry "VEN"]

1. d4 d6 2. Nf3 c6 3. g3 Qc7 4. Bg2 Nf6 5. 0-0 e5 6. c4 Be7 7. c5 0-0 8. cxd6 Bxd6 9. dxe5 Bxe5 10. Nxe5 Qxe5 11. Nc3 Qh5 12. e4 Qxd1 13. Rxd1 Nbd7 14. Be3 Ng4 15. Bf4 Re8 16. Rd2 Nf8 17. h3 Nf6 18. Rad1 h6 19. Rd6 Be6 20. b3 Rac8 21. Be3 Ra8 22. f4 h5 23. Bd4 N6h7 24. Kf2 f6 25. f5 Bf7 26. Be3 g5 27. h4 Kg7 28. Bd4 g4 29. Na4 Re7 30. Bb2 Rae8 31. Nc5 b6 32. Nd3 c5 33. Nf4 Rc7 34. Bc3 Ree7 35. Nd5 Bxd5 36. exd5 Red7 37. Rc6 Kf7 38. Re1 Rxc6 39. dxc6 Rc7 40. Bd5+ Kg7 41. Re8 1-0

[Event "Valera FVA 82nd Anniv"]
[Site "Valera"]
[Date "2017.12.14"]
[Round "3"]
[White "Vidal Melendez, Ismael David"]
[Black "Alcala Vitora, Wilfredo Enrique"]
[Result "1-0"]
[WhiteElo "2289"]
[BlackElo "2023"]
[PlyCount "74"]
[EventDate "2017.12.13"]
[EventType "swiss"]
[EventRounds "7"]
[EventCountry "VEN"]
[SourceTitle "CBM 182 Extra"]
[Source "ChessBase"]
[SourceDate "2018.02.23"]
[SourceVersion "1"]
[SourceVersionDate "2018.02.23"]
[SourceQuality "1"]

1. d4 d5 2. Nf3 Nf6 3. c4 e6 4. Nc3 c5 5. cxd5 exd5 6. g3 Nc6 7. Bg2 Be7 8. 0-0 0-0 9. dxc5 Bxc5 10. Na4 Be7 11. Be3 Ne4 12. Rc1 Bf6 13. Nd4 Ne5 14. Nb5 Nc6 15. Bf4 g5 16. Bc7 Qe7 17. Qxd5 a6 18. Nb6 axb5 19. Nxa8 Be6 20. Qxe4 Rxa8 21. Bb6 Bxb2 22. Rc5 f5 23. Rxf5 Bxf5 24. Qxf5 Kh8 25. Qxb5 Bd4 26. Bxc6 Bxb6 27. Qb2+ Qg7 28. Qxb6 bxc6 29. Qxc6 Rf8 30. Rc1 Rf6 31. Qe8+ Rf8 32. Qc6 h6 33. Qc3 Rf6 34. Qe5 Kh7 35. Rc7 Rf7 36. Qxg7+ Kxg7 37. Rxf7+ Kxf7 1-0

[Event "VEN-ch"]
[Site "Merida"]
[Date "2016.02.26"]
[Round "8"]
[White "Vidal Melendez, Ismael David"]
[Black "Gascon del Nogal, Jose Rafael"]
[Result "0-1"]
[WhiteElo "2248"]
[BlackElo "2457"]
[PlyCount "93"]
[EventDate "2016.02.21"]
[EventType "tourn"]
[EventRounds "9"]
[EventCountry "VEN"]
[EventCategory "2"]
[SourceTitle "CBM 171 Extra"]
[Source "ChessBase"]
[SourceDate "2016.04.26"]
[SourceVersion "1"]
[SourceVersionDate "2016.04.26"]
[SourceQuality "1"]

1. d4 Nf6 2. c4 g6 3. Nc3 Bg7 4. e4 d6 5. Nf3 0-0 6. Be2 e5 7. 0-0 Nc6 8. d5 Ne7 9. b4 a5 10. Ba3 axb4 11. Bxb4 Re8 12. c5 dxc5 13. Bxc5 c6 14. Qb3 cxd5 15. Rfd1 Qc7 16. Bb6 Qd6 17. a4 Nd7 18. Be3 d4 19. Nb5 Qb6 20. Bc4 Rf8 21. a5 Rxa5 22. Rxa5 Qxa5 23. Bxf7+ Kh8 24. Bg5 Nc6 25. Nd6 Qc7 26. Qa3 Nb6 27. Ba2 h6 28. Nb5 Qd7 29. Bh4 g5 30. Bg3 Qe8 31. h3 Bd7 32. Qb2 Nc8 33. Nc7 Qg6 34. Nd2 Nd6 35. Re1 Ne7 36. Qa3 Nc6 37. Nd5 Ne8 38. Nc4 Qf7 39. Rb1 Be6 40. Qb3 Nc7 41. Nd6 Qd7 42. Nxb7 Rb8 43. Qc2 Nxd5 44. exd5 Bxd5 45. Nc5 Qf7 46. Rxb8+ Nxb8 47. Bxd5 0-1

[Event "VEN-ch"]
[Site "Merida"]
[Date "2016.02.25"]
[Round "7"]
[White "Zavarce Sayago, Oscar Enrique"]
[Black "Vidal Melendez, Ismael David"]
[Result "1-0"]
[WhiteElo "2361"]
[BlackElo "2248"]
[PlyCount "77"]
[EventDate "2016.02.21"]
[EventType "tourn"]
[EventRounds "9"]
[EventCountry "VEN"]
[EventCategory "2"]
[SourceTitle "CBM 171 Extra"]
[Source "ChessBase"]
[SourceDate "2016.04.26"]
[SourceVersion "1"]
[SourceVersionDate "2016.04.26"]
[SourceQuality "1"]

1. c4 Nf6 2. d4 c6 3. Nc3 d5 4. e3 a6 5. Nf3 b5 6. b3 Bg4 7. Be2 e6 8. 0-0 Bd6 9. Bb2 0-0 10. h3 Bh5 11. Ne5 Bxe2 12. Nxe2 bxc4 13. bxc4 Nbd7 14. Qa4 Bxe5 15. dxe5 Ne4 16. Qc2 Qg5 17. Kh2 Qf5 18. Rac1 Qg5 19. f3 Nec5 20. Bd4 Rfc8 21. Rb1 a5 22. Rfc1 h6 23. Qc3 Qf5 24. Rd1 Na6 25. Ng3 Qg5 26. f4 Qd8 27. Qa3 Nb4 28. Qb3 Na6 29. Qc2 Qh4 30. Qe2 Nac5 31. Rbc1 Rab8 32. Rf1 Rb4 33. Rc2 Ne4 34. Nxe4 dxe4 35. Rd2 Ra4 36. Rc1 Nf8 37. Bc5 Rd8 38. Bd6 c5 39. g3 1-0

[Event "Caracas FVA 80th Ann"]
[Site "Caracas"]
[Date "2015.12.18"]
[Round "6"]
[White "Palomo, Franklin Annervys"]
[Black "Vidal Melendez, Ismael David"]
[Result "1/2-1/2"]
[WhiteElo "2260"]
[BlackElo "2231"]
[PlyCount "40"]
[EventDate "2015.12.16"]
[EventType "swiss"]
[EventRounds "8"]
[EventCountry "VEN"]
[SourceTitle "EXT 2018"]
[Source "ChessBase"]
[SourceDate "2017.10.13"]
[SourceVersion "1"]
[SourceVersionDate "2017.10.13"]
[SourceQuality "1"]

1. c4 c6 2. Nf3 Nf6 3. b3 d5 4. Bb2 Bg4 5. d3 Nbd7 6. Nbd2 e6 7. a3 Bd6 8. h3 Bxf3 9. Nxf3 dxc4 10. dxc4 Qc7 11. e3 Ne5 12. Be2 Nxf3+ 13. Bxf3 0-0-0 14. Qc2 Be5 15. 0-0 g5 16. Rad1 h5 17. Rxd8+ Rxd8 18. Rd1 Rh8 19. Be2 g4 20. h4 Rd8 1/2-1/2

[Event "Caracas FVA 80th Ann"]
[Site "Caracas"]
[Date "2015.12.17"]
[Round "3"]
[White "Vidal Melendez, Ismael David"]
[Black "Vasquez Alcala, Astrid"]
[Result "1-0"]
[WhiteElo "2231"]
[BlackElo "1999"]
[PlyCount "73"]
[EventDate "2015.12.16"]
[EventType "swiss"]
[EventRounds "8"]
[EventCountry "VEN"]
[SourceTitle "EXT 2018"]
[Source "ChessBase"]
[SourceDate "2017.10.13"]
[SourceVersion "1"]
[SourceVersionDate "2017.10.13"]
[SourceQuality "1"]

1. d4 f5 2. Bg5 g6 3. h4 h6 4. Bf4 Nf6 5. e3 Bg7 6. Bc4 d5 7. Bb5+ c6 8. Bd3 Qb6 9. Qc1 Nbd7 10. Nf3 Ne4 11. Nc3 Qa5 12. 0-0 0-0 13. Ne2 e6 14. Bh2 Qd8 15. Nf4 Qf6 16. h5 g5 17. Ng6 Re8 18. Bxe4 dxe4 19. Nfe5 Nxe5 20. Bxe5 Qf7 21. Bxg7 Kxg7 22. f3 exf3 23. Rxf3 g4 24. Rf1 Qf6 25. Qe1 Qg5 26. e4 Bd7 27. Ne5 Re7 28. Qc3 g3 29. Rf3 f4 30. Qc5 Rae8 31. Ng6 e5 32. Nxe7 Rxe7 33. dxe5 Rxe5 34. Qd6 Bg4 35. Rb3 Re7 36. Rf1 Qh4 37. Rxg3 1-0

[Event "Caracas FVA 80th Ann"]
[Site "Caracas"]
[Date "2015.12.16"]
[Round "1"]
[White "Vidal Melendez, Ismael David"]
[Black "Colmenares Olivares, Cesar Eduardo"]
[Result "1-0"]
[WhiteElo "2231"]
[BlackElo "1570"]
[PlyCount "37"]
[EventDate "2015.12.16"]
[EventType "swiss"]
[EventRounds "8"]
[EventCountry "VEN"]
[SourceTitle "EXT 2018"]
[Source "ChessBase"]
[SourceDate "2017.10.13"]
[SourceVersion "1"]
[SourceVersionDate "2017.10.13"]
[SourceQuality "1"]

1. d4 d5 2. c4 e6 3. Nc3 Nf6 4. Bg5 Be7 5. cxd5 exd5 6. Qc2 Nbd7 7. Nf3 0-0 8. e3 b6 9. Bd3 h6 10. Bf4 a6 11. 0-0 Bb7 12. Rad1 c5 13. Bf5 b5 14. dxc5 Bxc5 15. e4 dxe4 16. Ne5 Bc8 17. Nxe4 Qe7 18. Bxd7 Nxe4 19. Qxe4 1-0

[Event "Central America Carribean-ch U20"]
[Site "Porlamar"]
[Date "2015.08.22"]
[Round "1"]
[White "Ramos Castro, Luis Alejandro"]
[Black "Vidal Melendez, Ismael David"]
[Result "0-1"]
[WhiteElo "1563"]
[BlackElo "2195"]
[PlyCount "67"]
[EventDate "2015.08.22"]
[EventType "swiss"]
[EventRounds "9"]
[EventCountry "VEN"]
[SourceTitle "EXT 2018"]
[Source "ChessBase"]
[SourceDate "2017.10.13"]
[SourceVersion "1"]
[SourceVersionDate "2017.10.13"]
[SourceQuality "1"]

1. e4 c5 2. Nf3 e6 3. d4 cxd4 4. Nxd4 a6 5. Nc3 Qc7 6. Be3 Bb4 7. Qd2 Nf6 8. f3 d5 9. Bd3 e5 10. exd5 exd4 11. Bxd4 Nbd7 12. Qe2+ Kd8 13. 0-0-0 Bd6 14. Qf2 b5 15. Rde1 Bb7 16. Bf5 Bc5 17. Bxd7 Qf4+ 18. Be3 Kxd7 19. Kb1 Bxe3 20. Rxe3 Rhe8 21. Rxe8 Rxe8 22. Rd1 Re3 23. d6 Qe5 24. f4 Qc5 25. Qd2 Ne4 26. Nxe4 Bxe4 27. a3 f5 28. Ka1 h5 29. Qa5 Qxc2 30. Rg1 Rb3 31. Qc7+ Qxc7 32. dxc7 a5 33. Rd1+ Kxc7 34. g3 0-1